Analýza trendov on-line marketingovej stratégie diplomová práca

Salvato in:
Dettagli Bibliografici
Autore principale: Danys, Martin
Ente Autore: Obchodná fakulta EU. Katedra informatiky obchodných firiem
Altri autori: Hasan, Jamal
Natura: Libro
Lingua:slovacco
Pubblicazione: Bratislava 2014
Tags: Aggiungi Tag
Nessun Tag, puoi essere il primo ad aggiungerne!!

MARC

LEADER 00000nbm a2200000 4500
001 0186123
005 20170201094937.2
041 0 |a slo 
044 |a SK 
245 1 0 |a Analýza trendov on-line marketingovej stratégie  |b diplomová práca  |c Martin Danys ; školiteľ: Jamal Hasan 
264 1 |a Bratislava  |c 2014 
300 |a 76 s. 
100 1 |a Danys, Martin 
700 1 |a Hasan, Jamal 
710 2 |a Obchodná fakulta EU. Katedra informatiky obchodných firiem